| 000 | 00413nam a2200121Ia 4500 | ||
|---|---|---|---|
| 008 | 170221s9999 xx 000 0 und d | ||
| 100 | _aYahr, Michael A. | ||
| 245 | _a“Say-on-pay” proxies in the banking industry | ||
| 245 | _cMichael A. Yahr, Robert Morris University. | ||
| 260 | _bJournal of Management and Marketing Research | ||
| 650 | _xBusiness | ||
| 856 | _uhttp://www.aabri.com/manuscripts/131459.pdf | ||
| 999 |
_c307358 _d307358 |
||